[Event "19. Wch 2009 Veteranos"]
[Site "Condino ITA"]
[Date "2009.11.04"]
[Round "8.16"]
[White "Sherwin, James T"]
[Black "Boehnisch, Manfred"]
[Result "0-1"]
[WhiteElo "2230"]
[BlackElo "2365"]
[PlyCount "122"]
[EventDate "2009.10.27"]
[EventType "swiss"]
[EventRounds "11"]
[EventCountry "ITA"]
[Source "lmi"]
[SourceDate "2009.10.27"]

1. d4 d5 2. c4 c6 3. Nc3 Nf6 4. e3 Bg4 5. f3 Be6 6. Nge2 g6 7. Nf4 Bc8 8. Qb3
e6 9. cxd5 cxd5 10. Bb5+ Bd7 11. Bxd7+ Qxd7 12. Nd3 Nc6 13. Ne5 Nxe5 14. dxe5
Ng8 15. O-O Bg7 16. f4 Ne7 17. Rd1 O-O 18. e4 Rfd8 19. exd5 exd5 20. Be3 g5 21.
fxg5 Bxe5 22. Bd4 Qc7 23. Bxe5 Qxe5 24. Rd3 d4 25. Rad1 Nc6 26. Nb5 a6 27. Na3
b5 28. Rg3 Qe6 29. Qd3 Qg6 30. Nc2 Rd5 31. Qxg6+ hxg6 32. Rgd3 Re8 33. a3 Rxg5
34. Nxd4 Nxd4 35. Rxd4 Re2 36. g3 Rxb2 37. R1d2 Rxd2 38. Rxd2 Rg4 39. Rd3 Ra4
40. Kf2 f5 41. h4 Kg7 42. Rc3 Kf6 43. Rc6+ Kf7 44. Rc7+ Kg8 45. Rc3 Kg7 46. Rd3
Kh6 47. Kg2 Rc4 48. Rd6 Rc2+ 49. Kh3 a5 50. Ra6 a4 51. Rb6 Rb2 52. Rb7 Rb3 53.
Kh2 Kh5 54. Kh3 g5 55. hxg5 f4 56. Rg7 Rxg3+ 57. Kh2 Rxa3 58. g6 Kh6 59. Rg8 b4
60. g7 b3 61. Kg2 Kh7 0-1

[Event "19. Wch 2009 Veteranos"]
[Site "Condino ITA"]
[Date "2009.11.04"]
[Round "8.17"]
[White "Zelkind, Eduard"]
[Black "Jakobsen, Ole"]
[Result "0-1"]
[WhiteElo "2205"]
[BlackElo "2340"]
[PlyCount "102"]
[EventDate "2009.10.27"]
[EventType "swiss"]
[EventRounds "11"]
[EventCountry "ITA"]
[Source "lmi"]
[SourceDate "2009.10.27"]

1. e4 c5 2. Nc3 a6 3. f4 b5 4. a4 b4 5. Nb1 Bb7 6. d3 e6 7. Nf3 d5 8. Nbd2 Nf6
9. Qe2 Be7 10. g3 O-O 11. Bg2 Nc6 12. e5 Nd7 13. O-O Qc7 14. Bh3 g6 15. b3 c4
16. dxc4 Bc5+ 17. Kh1 Nd4 18. Qd3 dxc4 19. bxc4 Nxf3 20. Nxf3 Rad8 21. Bb2 Nb6
22. Qb3 Bd4 23. Bg2 Bxb2 24. Qxb2 a5 25. Qb3 Nxc4 26. Rf2 Qc5 27. Re2 Rd7 28.
Rae1 Rfd8 29. Ng5 Bxg2+ 30. Kxg2 Nd2 31. Qe3 Qxe3 32. Rxe3 h6 33. Nf3 Nxf3 34.
Kxf3 Rc8 35. R1e2 Rdc7 36. Rd3 Rxc2 37. Rxc2 Rxc2 38. Rd8+ Kg7 39. Ra8 Rc5 40.
g4 g5 41. fxg5 hxg5 42. Ke4 b3 43. Kd4 Rc1 44. Rb8 Ra1 45. Kc3 Rxa4 46. Rb5
Rxg4 47. Rxa5 Rh4 48. Kxb3 Rxh2 49. Kc3 Rf2 50. Kd3 Kg6 51. Ke3 Rf5 0-1

[Event "19. Wch 2009 Veteranos"]
[Site "Condino ITA"]
[Date "2009.11.04"]
[Round "8.18"]
[White "Altshul, Raffael"]
[Black "Vogel, Jaap"]
[Result "1-0"]
[WhiteElo "2340"]
[BlackElo "2210"]
[PlyCount "45"]
[EventDate "2009.10.27"]
[EventType "swiss"]
[EventRounds "11"]
[EventCountry "ITA"]
[Source "lmi"]
[SourceDate "2009.10.27"]

1. d4 d5 2. c4 c6 3. Nf3 Nf6 4. Qc2 e6 5. g3 Bd6 6. Bg2 O-O 7. O-O Nbd7 8. Rd1
Ne4 9. Nc3 f5 10. cxd5 exd5 11. Ne1 Nxc3 12. bxc3 f4 13. Nd3 fxg3 14. hxg3 Nb6
15. e4 dxe4 16. Bxe4 Qf6 17. c4 Bg4 18. Re1 Qxd4 19. c5 Bxg3 20. cxb6 Rxf2 21.
Nxf2 Qxa1 22. Qb3+ Kh8 23. Qxg3 1-0

[Event "19. Wch 2009 Veteranos"]
[Site "Condino ITA"]
[Date "2009.11.04"]
[Round "8.20"]
[White "Buxade, Roca Guillermo"]
[Black "Busu, Corneliu"]
[Result "1/2-1/2"]
[WhiteElo "2175"]
[BlackElo "2320"]
[PlyCount "33"]
[EventDate "2009.10.27"]
[EventType "swiss"]
[EventRounds "11"]
[EventCountry "ITA"]
[Source "lmi"]
[SourceDate "2009.10.27"]

1. e4 c5 2. Nc3 Nc6 3. g3 g6 4. Bg2 Bg7 5. d3 e6 6. Be3 Nd4 7. Qd2 Ne7 8. Nd1
b6 9. c3 Ndc6 10. f4 d5 11. e5 Bb7 12. d4 c4 13. Nf3 b5 14. O-O a5 15. b3 O-O
16. bxc4 bxc4 17. g4 1/2-1/2

[Event "19. Wch 2009 Veteranos"]
[Site "Condino ITA"]
[Date "2009.11.04"]
[Round "8.21"]
[White "Wahlbom, Magnus"]
[Black "Karl, Hans"]
[Result "1/2-1/2"]
[WhiteElo "2315"]
[BlackElo "2225"]
[PlyCount "80"]
[EventDate "2009.10.27"]
[EventType "swiss"]
[EventRounds "11"]
[EventCountry "ITA"]
[Source "lmi"]
[SourceDate "2009.10.27"]

1. e4 e5 2. Nf3 Nc6 3. Bb5 a6 4. Ba4 Nf6 5. O-O Nxe4 6. d4 b5 7. Bb3 d5 8. dxe5
Be6 9. Be3 Be7 10. c3 O-O 11. Qe2 Na5 12. Bc2 Nc4 13. Bc1 c5 14. b3 Nb6 15.
Nbd2 Nxd2 16. Bxd2 Qd7 17. Qd3 g6 18. Qe3 Bf5 19. Bxf5 Qxf5 20. Qh6 Rfe8 21.
Rfe1 Bf8 22. Qh4 Nd7 23. Bf4 Bg7 24. Qg3 Nf8 25. Rad1 Rad8 26. Bc1 Ne6 27. Nh4
Qh5 28. f4 f5 29. Nf3 Qg4 30. Qf2 Bf8 31. h3 Qh5 32. Be3 Be7 33. Re2 Rd7 34.
Red2 Red8 35. Kh2 h6 36. Rg1 Kh7 37. Rdd1 g5 38. g4 fxg4 39. Qc2+ Kh8 40. Rxg4
gxf4 1/2-1/2

[Event "19. Wch 2009 Veteranos"]
[Site "Condino ITA"]
[Date "2009.11.04"]
[Round "8.22"]
[White "Hvenekilde, Jorgen"]
[Black "Arkhangelsky, Boris"]
[Result "1/2-1/2"]
[WhiteElo "2160"]
[BlackElo "2290"]
[PlyCount "41"]
[EventDate "2009.10.27"]
[EventType "swiss"]
[EventRounds "11"]
[EventCountry "ITA"]
[Source "lmi"]
[SourceDate "2009.10.27"]

1. d4 d5 2. Nf3 c6 3. c4 e6 4. g3 dxc4 5. Bg2 c5 6. O-O Nc6 7. Qa4 Bd7 8. Qxc4
b5 9. Qd3 Rc8 10. dxc5 Bxc5 11. Nc3 Nf6 12. Bg5 Nb4 13. Qd2 Bc6 14. Qxd8+ Rxd8
15. Rac1 O-O 16. a3 Na6 17. Ne5 Bxg2 18. Kxg2 b4 19. Na4 Bd6 20. Nc6 Rd7 21.
Rfd1 1/2-1/2

[Event "19. Wch 2009 Veteranos"]
[Site "Condino ITA"]
[Date "2009.11.04"]
[Round "8.23"]
[White "Vrhovnik, Damir"]
[Black "Wittmann, Walter"]
[Result "1-0"]
[WhiteElo "2045"]
[BlackElo "2290"]
[PlyCount "61"]
[EventDate "2009.10.27"]
[EventType "swiss"]
[EventRounds "11"]
[EventCountry "ITA"]
[Source "lmi"]
[SourceDate "2009.10.27"]

1. c4 g6 2. Nf3 Bg7 3. g3 Nf6 4. Bg2 O-O 5. O-O d6 6. Nc3 Nc6 7. b3 e5 8. Bb2
Re8 9. d3 h6 10. Rc1 g5 11. a3 a5 12. Nd5 Nb8 13. e4 c5 14. Ne3 Nc6 15. h4 Nh7
16. hxg5 hxg5 17. Nh2 Be6 18. Qh5 f6 19. Nhg4 Qe7 20. Nf5 Qd7 21. Bf3 Bf7 22.
Qh3 Bg6 23. Kg2 Ne7 24. Ngh6+ Kh8 25. Rh1 Bxh6 26. Qxh6 Rg8 27. Bg4 Nxf5 28.
exf5 Bf7 29. Qxf6+ Rg7 30. Rh6 Kg8 31. Qxd6 1-0

[Event "19. Wch 2009 Veteranos"]
[Site "Condino ITA"]
[Date "2009.11.04"]
[Round "8.24"]
[White "Nickl, Klaus"]
[Black "Grinberg, Iosif P"]
[Result "1/2-1/2"]
[WhiteElo "2150"]
[BlackElo "2280"]
[PlyCount "40"]
[EventDate "2009.10.27"]
[EventType "swiss"]
[EventRounds "11"]
[EventCountry "ITA"]
[Source "lmi"]
[SourceDate "2009.10.27"]

1. d4 f5 2. Nf3 g6 3. g3 Bg7 4. Bg2 Nh6 5. O-O Nf7 6. c4 d6 7. Nc3 Nc6 8. d5
Nce5 9. Nxe5 Nxe5 10. f4 Ng4 11. h3 Nf6 12. Be3 O-O 13. Bd4 Re8 14. e4 fxe4 15.
g4 c5 16. dxc6 bxc6 17. Nxe4 Nxe4 18. Bxe4 Bd7 19. Bxg7 Kxg7 20. Qd4+ Kg8
1/2-1/2

[Event "19. Wch 2009 Veteranos"]
[Site "Condino ITA"]
[Date "2009.11.04"]
[Round "8.26"]
[White "Simon, Padros Emili"]
[Black "Nordstrom, Felix"]
[Result "1-0"]
[WhiteElo "2235"]
[BlackElo "2165"]
[PlyCount "73"]
[EventDate "2009.10.27"]
[EventType "swiss"]
[EventRounds "11"]
[EventCountry "ITA"]
[Source "lmi"]
[SourceDate "2009.10.27"]

1. e4 e5 2. Nf3 Nc6 3. Bb5 a6 4. Ba4 d6 5. c3 Bd7 6. O-O Nf6 7. Re1 g6 8. d4
Qe7 9. d5 Nb8 10. Bc2 Bg7 11. c4 O-O 12. Nc3 c5 13. a3 b5 14. Bd3 bxc4 15. Bxc4
Bg4 16. h3 Bxf3 17. Qxf3 Nbd7 18. Qe2 a5 19. Bd2 Ne8 20. Bb5 Nc7 21. Bc6 Ra7
22. a4 Rb8 23. Nb5 Nxb5 24. axb5 a4 25. Ra3 Nb6 26. Rea1 Rc7 27. Ba5 Bf6 28.
Bxb6 Rxb6 29. Rxa4 Rc8 30. Ra7 Qf8 31. Qg4 Rcb8 32. Rd7 Rxb5 33. Bxb5 Rxb5 34.
Rc7 Rb8 35. Raa7 Rd8 36. Qf3 Kg7 37. Qb3 1-0

[Event "19. Wch 2009 Veteranos"]
[Site "Condino ITA"]
[Date "2009.11.04"]
[Round "8.27"]
[White "Ziltener, Werner"]
[Black "Kernazhitsky, Leonid"]
[Result "0-1"]
[WhiteElo "2125"]
[BlackElo "2325"]
[PlyCount "92"]
[EventDate "2009.10.27"]
[EventType "swiss"]
[EventRounds "11"]
[EventCountry "ITA"]
[Source "lmi"]
[SourceDate "2009.10.27"]

1. Nf3 d5 2. d4 Nf6 3. c4 c6 4. Nc3 dxc4 5. a4 Bf5 6. Nh4 e6 7. Nxf5 exf5 8. e3
Nbd7 9. Bxc4 Bb4 10. O-O O-O 11. Qb3 Qe7 12. Na2 Bd6 13. g3 Nb6 14. Be2 h5 15.
Bd2 Nbd5 16. Nc3 Nxc3 17. Qxc3 f4 18. Bf3 fxg3 19. fxg3 h4 20. Kg2 Ne4 21. Qd3
f5 22. Bxe4 fxe4 23. Qc4+ Kh8 24. Rxf8+ Rxf8 25. Rf1 Rxf1 26. Qxf1 Qe6 27. Qd1
h3+ 28. Kg1 Qf5 29. Be1 Kh7 30. Qe2 Kg6 31. Bc3 Kg5 32. Be1 Qg4 33. Kf1 Kf5 34.
Qxg4+ Kxg4 35. Ke2 g6 36. Bf2 Bb4 37. Bg1 Kf5 38. Bf2 Ke6 39. Kd1 b5 40. axb5
cxb5 41. Be1 Bd6 42. Kc2 a5 43. b3 Kf5 44. Kd1 Kg4 45. Ke2 a4 46. bxa4 bxa4 0-1

[Event "19. Wch 2009 Veteranos"]
[Site "Condino ITA"]
[Date "2009.11.04"]
[Round "8.28"]
[White "Shvedchikov, Anatoli I"]
[Black "Bondick, Karl-Heinz"]
[Result "1-0"]
[WhiteElo "2410"]
[BlackElo "2170"]
[PlyCount "71"]
[EventDate "2009.10.27"]
[EventType "swiss"]
[EventRounds "11"]
[EventCountry "ITA"]
[Source "lmi"]
[SourceDate "2009.10.27"]

1. c4 e5 2. Nc3 Nf6 3. Nf3 Nc6 4. g3 d5 5. cxd5 Nxd5 6. Bg2 Nde7 7. b4 a6 8. a3
Nf5 9. d3 Be7 10. O-O O-O 11. Bb2 Be6 12. Na4 f6 13. Rc1 Qd7 14. Nc5 Bxc5 15.
Rxc5 Rac8 16. Qc2 Nd8 17. Rc1 c6 18. e4 Nd6 19. d4 exd4 20. Nxd4 Nb5 21. Nxe6
Nxe6 22. Bh3 Rce8 23. Rc4 Qf7 24. f3 Rd8 25. Qf2 Rd6 26. a4 Nbc7 27. Bf1 Rfd8
28. R4c2 Qd7 29. Bc4 Kh8 30. f4 Nd4 31. e5 fxe5 32. fxe5 Rh6 33. Qxd4 Qxd4+ 34.
Bxd4 Rxd4 35. Rf1 Rd8 36. Rcf2 1-0

[Event "19. Wch 2009 Veteranos"]
[Site "Condino ITA"]
[Date "2009.11.04"]
[Round "8.33"]
[White "Blasco, Domenico"]
[Black "Anguera, Maestro Jaime"]
[Result "0-1"]
[WhiteElo "1980"]
[BlackElo "2235"]
[PlyCount "82"]
[EventDate "2009.10.27"]
[EventType "swiss"]
[EventRounds "11"]
[EventCountry "ITA"]
[Source "lmi"]
[SourceDate "2009.10.27"]

1. d4 d5 2. Nf3 Nf6 3. e3 c6 4. c4 Bg4 5. Nc3 e6 6. Qb3 Qc7 7. Ne5 Bf5 8. Bd2
Nbd7 9. f4 Nxe5 10. fxe5 Ne4 11. Nxe4 Bxe4 12. Kf2 Be7 13. Bd3 Bxd3 14. Qxd3
O-O 15. Rhf1 f6 16. exf6 Qxh2 17. Ke1 Rxf6 18. Rxf6 Bxf6 19. cxd5 Bh4+ 20. Ke2
Qxg2+ 21. Kd1 Qg1+ 22. Kc2 Qxa1 23. Qe4 cxd5 24. Qxh4 Rc8+ 25. Bc3 Qxa2 26. Qe7
Qa6 27. e4 Qe2+ 28. Kb3 Qb5+ 29. Ka2 Re8 30. Qg5 Rf8 31. Ka3 h6 32. Qg4 Qc6 33.
exd5 exd5 34. Qg3 b5 35. Bb4 Rf1 36. Bc5 Qa6+ 37. Kb3 Qa4+ 38. Kc3 Qc4+ 39. Kd2
Qc1+ 40. Ke2 Qd1+ 41. Ke3 Qb3+ 0-1

[Event "19. Wch 2009 Veteranos"]
[Site "Condino ITA"]
[Date "2009.11.04"]
[Round "8.34"]
[White "Ivanets, Vladimir"]
[Black "Rotelli, Pietro"]
[Result "1/2-1/2"]
[WhiteElo "2230"]
[BlackElo "1975"]
[PlyCount "44"]
[EventDate "2009.10.27"]
[EventType "swiss"]
[EventRounds "11"]
[EventCountry "ITA"]
[Source "lmi"]
[SourceDate "2009.10.27"]

1. b4 c6 2. e3 d5 3. Bb2 Nf6 4. Nf3 Bg4 5. h3 Bxf3 6. Qxf3 Nbd7 7. c4 e6 8. a3
a5 9. b5 Bd6 10. Qd1 O-O 11. Nc3 Nb6 12. bxc6 bxc6 13. cxd5 exd5 14. Na4 Nfd7
15. Be2 Ne5 16. Nxb6 Qxb6 17. Bc3 Rfb8 18. f4 Ng6 19. Bd3 Bxf4 20. O-O Bd6 21.
Rb1 Qc7 22. Rxb8+ Rxb8 1/2-1/2

[Event "19. Wch 2009 Veteranos"]
[Site "Condino ITA"]
[Date "2009.11.04"]
[Round "8.37"]
[White "Titz, Heimo"]
[Black "Pipitone, Antonio"]
[Result "1-0"]
[WhiteElo "2265"]
[BlackElo "2055"]
[PlyCount "73"]
[EventDate "2009.10.27"]
[EventType "swiss"]
[EventRounds "11"]
[EventCountry "ITA"]
[Source "lmi"]
[SourceDate "2009.10.27"]

1. c4 Nf6 2. Nc3 g6 3. e4 d6 4. d4 Bg7 5. Nf3 Bg4 6. Be2 Nc6 7. d5 Bxf3 8. Bxf3
Ne5 9. Be2 Ned7 10. Be3 O-O 11. O-O e5 12. b4 a5 13. a3 b6 14. Qc2 Qe7 15. Rab1
Ne8 16. Bg4 Ndf6 17. Bh3 h6 18. c5 axb4 19. axb4 Nd7 20. c6 Ndf6 21. Ra1 Rxa1
22. Rxa1 Nh7 23. Ra7 Ng5 24. Bd7 Qd8 25. h4 Nh7 26. g3 Nef6 27. Bh3 h5 28. f3
Re8 29. Nb5 Re7 30. Qa2 Qf8 31. Rxc7 Rxc7 32. Nxc7 Ne8 33. Nxe8 Qxe8 34. Qc2 f5
35. c7 Qc8 36. exf5 Nf8 37. Kh2 1-0

[Event "19. Wch 2009 Veteranos"]
[Site "Condino ITA"]
[Date "2009.11.04"]
[Round "8.38"]
[White "Trefzer, Erhard"]
[Black "Candea, Gheorghe"]
[Result "1/2-1/2"]
[WhiteElo "2070"]
[BlackElo "2230"]
[PlyCount "27"]
[EventDate "2009.10.27"]
[EventType "swiss"]
[EventRounds "11"]
[EventCountry "ITA"]
[Source "lmi"]
[SourceDate "2009.10.27"]

1. e4 c5 2. Nc3 Nc6 3. f4 d6 4. Nf3 g6 5. Bb5 Bd7 6. O-O Bg7 7. d3 Nf6 8. Qe1
O-O 9. Bxc6 Bxc6 10. Qh4 e6 11. f5 Nd7 12. Bg5 f6 13. fxg6 hxg6 14. Bh6 1/2-1/2

[Event "19. Wch 2009 Veteranos"]
[Site "Condino ITA"]
[Date "2009.11.04"]
[Round "8.40"]
[White "Olesen, Poul Erik Norgaard"]
[Black "Stull, Norbert"]
[Result "1/2-1/2"]
[WhiteElo "2060"]
[BlackElo "2165"]
[PlyCount "27"]
[EventDate "2009.10.27"]
[EventType "swiss"]
[EventRounds "11"]
[EventCountry "ITA"]
[Source "lmi"]
[SourceDate "2009.10.27"]

1. e4 c5 2. Nf3 d6 3. d4 cxd4 4. Nxd4 Nf6 5. Nc3 a6 6. a4 e5 7. Nf3 Nc6 8. Be2
Be7 9. O-O O-O 10. Be3 Be6 11. Ng5 d5 12. exd5 Bxd5 13. Bd3 h6 14. Nh7 1/2-1/2

[Event "19. Wch 2009 Veteranos"]
[Site "Condino ITA"]
[Date "2009.11.04"]
[Round "8.41"]
[White "Bondar, Leonid"]
[Black "Wahlund, Bengt"]
[Result "1/2-1/2"]
[WhiteElo "2050"]
[BlackElo "2160"]
[PlyCount "34"]
[EventDate "2009.10.27"]
[EventType "swiss"]
[EventRounds "11"]
[EventCountry "ITA"]
[Source "lmi"]
[SourceDate "2009.10.27"]

1. e4 e5 2. Nf3 Nc6 3. Bc4 Bc5 4. c3 Nf6 5. d4 exd4 6. cxd4 Bb4+ 7. Bd2 Nxe4 8.
Bxb4 Nxb4 9. Bxf7+ Kxf7 10. Qb3+ d5 11. Ne5+ Ke6 12. Qxb4 c5 13. Qa3 cxd4 14.
Nf3 Qb6 15. O-O Kf7 16. Ne5+ Ke6 17. Nf3 Kf7 1/2-1/2

[Event "19. Wch 2009 Veteranos"]
[Site "Condino ITA"]
[Date "2009.11.04"]
[Round "8.42"]
[White "Blaushtain, Boris"]
[Black "Belokopyt, Boris"]
[Result "1-0"]
[WhiteElo "2155"]
[BlackElo "2050"]
[PlyCount "113"]
[EventDate "2009.10.27"]
[EventType "swiss"]
[EventRounds "11"]
[EventCountry "ITA"]
[Source "lmi"]
[SourceDate "2009.10.27"]

1. c4 e6 2. Nc3 f5 3. g3 Nf6 4. Bg2 c6 5. d4 d5 6. c5 Be7 7. b4 O-O 8. Nf3 Ne4
9. Qc2 a5 10. Qb3 axb4 11. Qxb4 Nxc3 12. Qxc3 Qa5 13. Qxa5 Rxa5 14. a4 Nd7 15.
Bd2 Ra6 16. O-O e5 17. Rfc1 exd4 18. Nxd4 Ne5 19. a5 Nc4 20. Bb4 f4 21. gxf4
Rxf4 22. e3 Rg4 23. Ra2 Bf6 24. Bc3 Rg6 25. Ne2 Bxc3 26. Rxc3 Rxa5 27. Rxa5
Nxa5 28. Ra3 Bg4 29. Nf4 Nc4 30. Ra8+ Kf7 31. Nxg6 Kxg6 32. Bf1 Ne5 33. Ra7 Nd7
34. Rxb7 Nxc5 35. Rc7 Bd7 36. Bg2 Kf6 37. Bxd5 cxd5 38. Rxc5 Be6 39. Kf1 g5 40.
Ke2 h5 41. Kd3 Ke5 42. Ra5 Bf5+ 43. Ke2 g4 44. Ra8 h4 45. Re8+ Be6 46. Kd3 h3
47. Kc3 Kf6 48. Kd4 Kf5 49. Rf8+ Kg6 50. Re8 Bf7 51. Re7 Kf6 52. Rxf7+ Kxf7 53.
Kxd5 Kf6 54. Ke4 Kg5 55. Ke5 Kh4 56. Kf4 Kh5 57. e4 1-0

[Event "19. Wch 2009 Veteranos"]
[Site "Condino ITA"]
[Date "2009.11.04"]
[Round "8.45"]
[White "Toefferl, Heimo"]
[Black "Rubinstein, Mark"]
[Result "1-0"]
[WhiteElo "2120"]
[BlackElo "2015"]
[PlyCount "53"]
[EventDate "2009.10.27"]
[EventType "swiss"]
[EventRounds "11"]
[EventCountry "ITA"]
[Source "lmi"]
[SourceDate "2009.10.27"]

1. d4 d5 2. c4 c6 3. Nc3 Nf6 4. Nf3 e6 5. Bg5 h6 6. Bh4 Nbd7 7. cxd5 exd5 8. e3
Bd6 9. Bd3 g5 10. Bg3 Qe7 11. Qc2 b6 12. O-O-O Bb7 13. Rhe1 Bxg3 14. hxg3 Kf8
15. e4 dxe4 16. Bxe4 Qd6 17. Bf5 b5 18. Ne5 Nb6 19. f4 gxf4 20. gxf4 Nbd5 21.
Ne2 Bc8 22. Ng3 Rg8 23. Bxc8 Rxc8 24. Nf5 Nb4 25. Nxd6 Nxc2 26. Re2 Nxd4 27.
Rxd4 1-0

[Event "19. Wch 2009 Veteranos"]
[Site "Condino ITA"]
[Date "2009.11.04"]
[Round "8.55"]
[White "Profaizer, Gino"]
[Black "Quagliarella, Sabino Remo"]
[Result "1-0"]
[WhiteElo "2065"]
[BlackElo "1915"]
[PlyCount "109"]
[EventDate "2009.10.27"]
[EventType "swiss"]
[EventRounds "11"]
[EventCountry "ITA"]
[Source "lmi"]
[SourceDate "2009.10.27"]

1. d4 d5 2. c4 e6 3. cxd5 exd5 4. Nc3 Nf6 5. Bg5 Be7 6. e3 c6 7. Bd3 Nbd7 8.
Nf3 h6 9. Bf4 O-O 10. h3 Re8 11. O-O Nf8 12. Rb1 Be6 13. b4 Bd6 14. Bxd6 Qxd6
15. a4 Rac8 16. a5 N8d7 17. Qb3 Ne4 18. Rfc1 Qe7 19. Qc2 Nxc3 20. Qxc3 Qf6 21.
Nd2 Bf5 22. Nb3 Qg6 23. Bxf5 Qxf5 24. Nc5 Nxc5 25. bxc5 Rc7 26. Rb4 Re6 27.
Rcb1 Rg6 28. Qe1 Qxh3 29. Qf1 Qd7 30. a6 bxa6 31. Qxa6 Kh7 32. Rb7 Qf5 33. Qf1
Rxb7 34. Rxb7 h5 35. Rxa7 h4 36. Kh2 Rf6 37. Ra2 g5 38. Qe2 Kh6 39. f3 Qc8 40.
Qf2 Kh5 41. Qe1 Qb8+ 42. Kg1 Re6 43. Re2 f5 44. e4 Qf4 45. exf5 Rxe2 46. Qxe2
Qxd4+ 47. Kh1 Qa1+ 48. Kh2 Qa8 49. Qe6 Qb8+ 50. Qd6 Qe8 51. Kh3 Qg8 52. g4+
hxg3 53. Kxg3 Qe8 54. Kf2 Qf7 55. Qh2# 1-0

[Event "19. Wch 2009 Veteranos"]
[Site "Condino ITA"]
[Date "2009.11.04"]
[Round "8.56"]
[White "Korenevski, Oleg"]
[Black "Preuss, Flemming"]
[Result "0-1"]
[WhiteElo "1940"]
[BlackElo "2065"]
[PlyCount "62"]
[EventDate "2009.10.27"]
[EventType "swiss"]
[EventRounds "11"]
[EventCountry "ITA"]
[Source "lmi"]
[SourceDate "2009.10.27"]

1. d4 Nf6 2. Nf3 e6 3. e3 d5 4. Bd3 c5 5. O-O c4 6. Be2 Ne4 7. b3 b5 8. a4 cxb3
9. Bxb5+ Bd7 10. Bxd7+ Nxd7 11. cxb3 Rb8 12. Qd3 Qb6 13. Nfd2 f5 14. f3 Nxd2
15. Nxd2 Bb4 16. Rb1 O-O 17. e4 Ne5 18. Qe3 f4 19. Qe2 Qxd4+ 20. Qf2 Qxf2+ 21.
Rxf2 Bc5 22. exd5 exd5 23. Kf1 Bxf2 24. Kxf2 Rfc8 25. Ke2 Rc3 26. b4 Rc2 27.
Kd1 Ra2 28. g3 Nd3 29. gxf4 Re8 30. Bb2 Rxb2 31. Rxb2 Nxb2+ 0-1

[Event "19. Wch 2009 Veteranos"]
[Site "Condino ITA"]
[Date "2009.11.04"]
[Round "8.57"]
[White "Birkestrand, Odd"]
[Black "Davydov, Mihail"]
[Result "1/2-1/2"]
[WhiteElo "1900"]
[BlackElo "2060"]
[PlyCount "53"]
[EventDate "2009.10.27"]
[EventType "swiss"]
[EventRounds "11"]
[EventCountry "ITA"]
[Source "lmi"]
[SourceDate "2009.10.27"]

1. e4 d5 2. exd5 Qxd5 3. Nf3 Nf6 4. d4 Bf5 5. Be2 e6 6. O-O c6 7. Bf4 Nbd7 8.
Nbd2 Be7 9. Bc7 c5 10. c4 Qc6 11. Bf4 O-O 12. Rc1 Rfd8 13. Qb3 Rac8 14. Be3 h6
15. h3 Bh7 16. Rfd1 b6 17. Bf4 Bd6 18. Ne5 Qc7 19. Nxd7 Rxd7 20. Bxd6 Qxd6 21.
dxc5 Qxc5 22. Bf3 Rcd8 23. Nf1 Be4 24. Rxd7 Rxd7 25. Bxe4 Nxe4 26. Qe3 Qxe3 27.
Nxe3 1/2-1/2

[Event "19. Wch 2009 Veteranos"]
[Site "Condino ITA"]
[Date "2009.11.04"]
[Round "8.58"]
[White "Bue, Gunnar"]
[Black "Ilic, Ilija"]
[Result "0-1"]
[WhiteElo "1855"]
[BlackElo "2035"]
[PlyCount "46"]
[EventDate "2009.10.27"]
[EventType "swiss"]
[EventRounds "11"]
[EventCountry "ITA"]
[Source "lmi"]
[SourceDate "2009.10.27"]

1. d4 d6 2. c4 Nf6 3. Nc3 g6 4. e4 Bg7 5. f3 c6 6. Be3 O-O 7. Qd2 e6 8. Bh6
Nxe4 9. Nxe4 Qh4+ 10. g3 Qxh6 11. Qxh6 Bxh6 12. Nxd6 Rd8 13. c5 b6 14. f4 Ba6
15. Bg2 Bf8 16. O-O-O Bxd6 17. cxd6 Rxd6 18. Nf3 Be2 19. Rd2 Bxf3 20. Bxf3 Na6
21. a3 Rad8 22. Rhd1 Nc7 23. Rc2 Nb5 0-1

[Event "19. Wch 2009 Veteranos"]
[Site "Condino ITA"]
[Date "2009.11.04"]
[Round "8.60"]
[White "Sotter-Klundt, Gerlinde"]
[Black "Gustavsson, Sture"]
[Result "0-1"]
[WhiteElo "1825"]
[BlackElo "2025"]
[PlyCount "52"]
[EventDate "2009.10.27"]
[EventType "swiss"]
[EventRounds "11"]
[EventCountry "ITA"]
[Source "lmi"]
[SourceDate "2009.10.27"]

1. d4 Nf6 2. Nf3 g6 3. c4 Bg7 4. Nc3 d6 5. e4 O-O 6. Be2 e5 7. dxe5 dxe5 8. O-O
Nbd7 9. Qc2 c6 10. h3 Qe7 11. Be3 Nc5 12. Nd2 Ne6 13. Nf3 Nh5 14. Rfd1 Nhf4 15.
Bf1 Qf6 16. Rd6 Nxh3+ 17. gxh3 Qxf3 18. Bg2 Qh5 19. Qd1 Qh4 20. Rd2 Nd4 21. Kh2
Be6 22. b3 f5 23. Ne2 Nxe2 24. Rxe2 f4 25. Bc5 f3 26. Bxf3 Qxh3+ 0-1

[Event "19. Wch 2009 Veteranos"]
[Site "Condino ITA"]
[Date "2009.11.04"]
[Round "8.61"]
[White "Elfert, Aleksandr V"]
[Black "Vladov, Mark"]
[Result "1-0"]
[WhiteElo "2020"]
[BlackElo "1915"]
[PlyCount "55"]
[EventDate "2009.10.27"]
[EventType "swiss"]
[EventRounds "11"]
[EventCountry "ITA"]
[Source "lmi"]
[SourceDate "2009.10.27"]

1. g4 d5 2. Bg2 c6 3. h3 e5 4. d3 f5 5. gxf5 Bxf5 6. Nf3 h6 7. Nxe5 Bd6 8. Nf3
Nf6 9. Be3 c5 10. c3 Nc6 11. Nbd2 Qc7 12. Nb3 b6 13. a4 a5 14. Rc1 g5 15. Na1
Rb8 16. Nc2 b5 17. axb5 Rxb5 18. b4 axb4 19. cxb4 Nxb4 20. Ncd4 Bxd3 21. exd3
Ra5 22. Nb3 Rb5 23. Nbd4 Rb8 24. Nf5 Bf4 25. O-O Qh7 26. Bxf4 gxf4 27. Qe2+ Kd7
28. Ne5+ 1-0

[Event "19. Wch 2009 Veteranos"]
[Site "Condino ITA"]
[Date "2009.11.04"]
[Round "8.62"]
[White "Pedrotti, Luciano"]
[Black "Zharokov, Biket"]
[Result "1-0"]
[WhiteElo "1825"]
[BlackElo "2000"]
[PlyCount "110"]
[EventDate "2009.10.27"]
[EventType "swiss"]
[EventRounds "11"]
[EventCountry "ITA"]
[Source "lmi"]
[SourceDate "2009.10.27"]

1. e4 d6 2. d4 g6 3. Nf3 Bg7 4. Be2 Nf6 5. Qd3 Nbd7 6. O-O O-O 7. c3 c5 8. Nbd2
b6 9. e5 dxe5 10. dxe5 Ng4 11. Qe4 Bb7 12. Qxb7 Ngxe5 13. Nxe5 Nxe5 14. Nf3 Qd6
15. Nxe5 Bxe5 16. g3 Rfb8 17. Qf3 Rf8 18. Bh6 Bg7 19. Bxg7 Kxg7 20. Rfd1 Qc7
21. Bc4 a6 22. Rd2 b5 23. Be2 Rad8 24. Rad1 Rxd2 25. Rxd2 e6 26. Qe3 c4 27.
Qd4+ Kg8 28. Qd6 Qb7 29. Rd4 Kg7 30. Qd7 Qb8 31. Rd6 Kg8 32. Bf3 a5 33. Ra6 Rd8
34. Qxd8+ Qxd8 35. Ra8 Qxa8 36. Bxa8 b4 37. Bc6 bxc3 38. bxc3 Kf8 39. Bb5 Ke7
40. a4 Kd6 41. Bxc4 h5 42. f3 g5 43. Kf2 Kc5 44. Bd3 f5 45. f4 g4 46. Ke3 Kd5
47. Bb5 e5 48. fxe5 Kxe5 49. Be8 h4 50. c4 hxg3 51. hxg3 Kf6 52. Kf4 Ke6 53.
Bg6 Kd6 54. Bxf5 Kc5 55. Bxg4 Kxc4 1-0